| 000 | 00489nam a2200193Ia 4500 | ||
|---|---|---|---|
| 005 | 20250423094811.0 | ||
| 008 | 250422s9999 xx 000 0 und d | ||
| 020 | _a9783135333069 | ||
| 050 | _aQM 25 .P58/ | ||
| 100 | _aPlatze, Werner | ||
| 245 | 0 | _aColor atlas of human anatomy: Locomotor system | |
| 250 | _a6th rev. and enlarged ed. | ||
| 260 | _aNew York : | ||
| 260 | _bThieme, | ||
| 260 | _c 2009 | ||
| 300 | _a468 p | ||
| 650 | _aHuman anatomy--Atlases. | ||
| 942 | _cBK | ||
| 999 |
_c28327 _d28327 |
||